000 00379nam a2200121 4500
999 _c9925
_d9925
008 180723b ||||| |||| 00| 0 eng d
100 _929307
_aAndrade, Jeannette I.
245 _aTourism chief, slogan receive Tambuli awards/
_cJeannette I. Andrade
260 _aPhilippines
_bPhilippine Daily Inquirer
_cc2016
300 _apage A9.
650 0 _929308
_aTourism.
942 _2ddc
_cPER